| 000 | 00557nam a2200205Ia 4500 | ||
|---|---|---|---|
| 003 | 0100 | ||
| 008 | 130227s9999 xx 000 0 und d | ||
| 040 | _cARRUPELIB | ||
| 050 | _aJZ5538.S76 2005 | ||
| 245 | _aSustainable peace | ||
| 245 | _bpower and democracy after civil wars | ||
| 260 | _aIthaca and London | ||
| 260 | _bCornell University Press | ||
| 260 | _C2005 | ||
| 300 | _axi | ||
| 300 | _b 383p. 25cm. | ||
| 650 | _bGreat Britain--Schools--Vocational guidance | ||
| 700 | _aRoeder, Philip G. ; Rothchild, Donald eds. | ||
| 942 |
_2lcc _04 |
||
| 999 |
_c2568 _d2568 |
||